5HLuxD.jpg

KING HENRY VIII SENIOR AND PRIMARY SCHOOL LIBRARY OPAC

EMILY FEATHER AND THE ENCHANTED DOOR (Record no. 4508)

000 -LEADER
fixed length control field 00347nam a22001097a 4500
008 - FIXED-LENGTH DATA ELEMENTS--GENERAL INFORMATION
fixed length control field 250226b ||||| |||| 00| 0 eng d
020 ## - INTERNATIONAL STANDARD BOOK NUMBER
International Standard Book Number 9781407130927
100 ## - MAIN ENTRY--PERSONAL NAME
Personal name WEBB,HOLLY
Relator term AUTHOR
245 ## - TITLE STATEMENT
Title EMILY FEATHER AND THE ENCHANTED DOOR
260 ## - PUBLICATION, DISTRIBUTION, ETC.
Place of publication, distribution, etc. EUSTON HOUSE,24 EVERSHOLT STREET LONDON,NW1 1DB,UK
Name of publisher, distributor, etc. SCHOLASTIC CHILDREN'S BOOKS
Date of publication, distribution, etc. 2013
942 ## - ADDED ENTRY ELEMENTS (KOHA)
Source of classification or shelving scheme
Holdings
Withdrawn status Lost status Source of classification or shelving scheme Damaged status Not for loan Collection code Permanent Location Current Location Shelving location Date acquired Total Checkouts Total Renewals Full call number Barcode Date last seen Date last checked out Price effective from Koha item type Public note
          Fiction KH8 Primary School Library KH8 Primary School Library Fiction 2025-02-26 1 1 823.92 WEB KHPL000006401 2025-12-05 2025-05-15 2025-02-26 Books - Fiction KH8 PRIMARY LIBRARY

Powered By KH8 IT Dept